[Event "Europe Echecs online op April"]
[Site "Europe Echecs INT"]
[Date "2020.04.11"]
[Round "9"]
[White "Cahen, Alexis"]
[Black "Sarrazin, Christian"]
[Result "0-1"]
[WhiteElo "2125"]
[BlackElo "2003"]
[PlyCount "130"]
[EventDate "2020.04.11"]
[EventType "swiss (blitz)"]
[EventRounds "11"]
[EventCountry "FRA"]
[SourceTitle "EXT 2021"]
[Source "ChessBase"]
[SourceDate "2020.10.23"]
[SourceVersion "1"]
[SourceVersionDate "2020.10.23"]
[SourceQuality "1"]

1. e4 c5 2. Ne2 e6 3. c4 Nc6 4. Nbc3 a6 5. g3 Nf6 6. Bg2 Be7 7. 0-0 0-0 8. d3 d6 9. Rb1 Qc7 10. a3 Rb8 11. b4 b5 12. bxc5 bxc4 13. cxd6 Bxd6 14. Rxb8 Nxb8 15. dxc4 Rd8 16. Qb3 Nc6 17. Be3 Na5 18. Qb6 Nxc4 19. Qxc7 Bxc7 20. Bc5 Bb6 21. Bxb6 Nxb6 22. Rb1 Nc4 23. Rb8 Kf8 24. e5 Nd7 25. Rb4 Ncxe5 26. f4 Nd3 27. Rd4 N3c5 28. Bc6 Ke7 29. Kf2 Nf6 30. Rc4 Ncd7 31. Bf3 Nb6 32. Rc6 Nbd5 33. Na4 Bb7 34. Rc5 Rc8 35. Rxc8 Bxc8 36. Nd4 Bd7 37. Nc5 Bb5 38. a4 Bc4 39. Be2 Bxe2 40. Kxe2 Kd6 41. Nxa6 Nc3+ 42. Kd3 Nxa4 43. Kc4 Nb6+ 44. Kb5 Nfd7 45. Nb3 Kd5 46. Nc7+ Ke4 47. Kc6 Kf3 48. Ne8 g6 49. Nd4+ Kg2 50. g4 Kxh2 51. f5 gxf5 52. gxf5 e5 53. Nf3+ Kg3 54. Ng5 Kf4 55. Nxf7 Kxf5 56. Nfd6+ Kf4 57. Ng7 e4 58. Ne6+ Kf3 59. Ng5+ Kf4 60. Nxh7 e3 61. Nb5 e2 62. Nd4 e1Q 63. Ne6+ Kg3 64. Nc7 Qe4+ 65. Kd6 Qxh7 0-1

[Event "Europe Echecs online op April"]
[Site "Europe Echecs INT"]
[Date "2020.04.11"]
[Round "2"]
[White "Sarrazin, Christian"]
[Black "Moroni, Luca Jr"]
[Result "0-1"]
[WhiteElo "2003"]
[BlackElo "2491"]
[PlyCount "38"]
[EventDate "2020.04.11"]
[EventType "swiss (blitz)"]
[EventRounds "11"]
[EventCountry "FRA"]
[SourceTitle "EXT 2021"]
[Source "ChessBase"]
[SourceDate "2020.10.23"]
[SourceVersion "1"]
[SourceVersionDate "2020.10.23"]
[SourceQuality "1"]

1. e4 e5 2. Nf3 Nc6 3. Bc4 Bc5 4. 0-0 Nf6 5. d3 d6 6. h3 a6 7. c3 Ba7 8. Bb3 h6 9. Re1 g5 10. Nh2 Rg8 11. Be3 g4 12. Bxa7 gxh3 13. Be3 Rxg2+ 14. Kh1 Ng4 15. Nxg4 Bxg4 16. f3 Qh4 17. Bg1 Qg3 18. fxg4 Rh2+ 19. Bxh2 Qg2# 0-1

[Event "Europe Echecs online op April"]
[Site "Europe Echecs INT"]
[Date "2020.04.11"]
[Round "10"]
[White "Savina, Anastasia"]
[Black "Sarrazin, Christian"]
[Result "1-0"]
[WhiteElo "2344"]
[BlackElo "2003"]
[PlyCount "43"]
[EventDate "2020.04.11"]
[EventType "swiss (blitz)"]
[EventRounds "11"]
[EventCountry "FRA"]
[SourceTitle "EXT 2021"]
[Source "ChessBase"]
[SourceDate "2020.10.23"]
[SourceVersion "1"]
[SourceVersionDate "2020.10.23"]
[SourceQuality "1"]

1. d4 d5 2. c4 c6 3. Nc3 e6 4. e3 Nf6 5. Nf3 Bd6 6. Qc2 Nbd7 7. Bd3 0-0 8. 0-0 a6 9. e4 dxc4 10. Bxc4 e5 11. h3 exd4 12. Nxd4 Ne5 13. Bb3 Ng6 14. Be3 Qe7 15. Rfe1 c5 16. Nf5 Qe5 17. Nxd6 Qxd6 18. Rad1 Qc7 19. Nd5 Nxd5 20. Bxd5 Qa5 21. Bxc5 Nf4 22. Bxf8 1-0

[Event "Sautron op 16th"]
[Site "Sautron"]
[Date "2016.10.22"]
[Round "7.28"]
[White "Dalaud, Dorian"]
[Black "Sarrazin, Christian"]
[Result "1-0"]
[WhiteElo "1764"]
[BlackElo "1975"]
[PlyCount "53"]
[EventDate "2016.10.22"]
[EventType "swiss"]
[EventRounds "9"]
[EventCountry "FRA"]
[SourceTitle "EXT 2019"]
[Source "ChessBase"]
[SourceDate "2018.10.10"]
[SourceVersion "1"]
[SourceVersionDate "2018.10.10"]
[SourceQuality "1"]

1. e4 c5 2. Nf3 e6 3. d4 cxd4 4. Nxd4 a6 5. c4 Qc7 6. Nc3 Nc6 7. Be2 Nf6 8. Be3 Bb4 9. f3 Ne5 10. Qb3 Bc5 11. 0-0 d6 12. Nc2 Bd7 13. a4 0-0 14. Kh1 Bxe3 15. Nxe3 Ng6 16. a5 Bc6 17. Rfd1 Qe7 18. Na4 Rad8 19. Nb6 Nd7 20. Rac1 Nxb6 21. Qxb6 d5 22. cxd5 exd5 23. exd5 Bxd5 24. Nxd5 Rxd5 25. Rxd5 Qxe2 26. Rcd1 h6 27. Qxb7 1-0

[Event "Sautron op 13th"]
[Site "Sautron"]
[Date "2013.11.02"]
[Round "9"]
[White "Sarrazin, Christian"]
[Black "Drasko, Milan"]
[Result "0-1"]
[WhiteElo "1983"]
[BlackElo "2451"]
[PlyCount "94"]
[EventDate "2013.10.26"]
[EventType "swiss"]
[EventRounds "9"]
[EventCountry "FRA"]
[SourceTitle "EXT 2016"]
[Source "ChessBase"]
[SourceDate "2015.10.08"]
[SourceVersion "1"]
[SourceVersionDate "2015.10.08"]
[SourceQuality "1"]

1. e4 e6 2. d4 d5 3. Bd3 dxe4 4. Bxe4 Nf6 5. Bf3 Nbd7 6. Ne2 e5 7. g3 exd4 8. Nxd4 Ne5 9. Bg2 Bc5 10. c3 0-0 11. h3 c6 12. 0-0 Re8 13. a4 a5 14. Na3 Nd5 15. Nac2 Bd7 16. Kh2 Qf6 17. Ne3 Nxe3 18. Bxe3 Nc4 19. Bc1 Bxd4 20. cxd4 Be6 21. b3 Nb6 22. Bb2 Bd5 23. Qc2 Bxg2 24. Kxg2 Nd5 25. Rfe1 Qg6 26. Qd2 b6 27. Re5 f6 28. Rxe8+ Rxe8 29. Re1 Re4 30. Qd1 Qe8 31. Rxe4 Qxe4+ 32. Qf3 Qc2 33. Ba3 g6 34. Kg1 h5 35. g4 h4 36. Bd6 Kf7 37. Kf1 Ke6 38. Bb8 Kd7 39. Kg1 Ke7 40. Kf1 Kf7 41. Bd6 Qd2 42. Qe4 Qd1+ 43. Kg2 Qxb3 44. g5 fxg5 45. Qg4 Nf6 46. Qxg5 Qd5+ 47. Qxd5+ Nxd5 0-1

[Event "Sautron op 13th"]
[Site "Sautron"]
[Date "2013.10.??"]
[Round "1"]
[White "Duboue, Peio"]
[Black "Sarrazin, Christian"]
[Result "1-0"]
[WhiteElo "2239"]
[BlackElo "1983"]
[PlyCount "51"]
[EventDate "2013.10.26"]
[EventType "swiss"]
[EventRounds "9"]
[EventCountry "FRA"]
[SourceTitle "EXT 2016"]
[Source "ChessBase"]
[SourceDate "2015.10.08"]
[SourceVersion "1"]
[SourceVersionDate "2015.10.08"]
[SourceQuality "1"]

1. e4 c5 2. Nf3 e6 3. d4 cxd4 4. Nxd4 a6 5. Bd3 Qc7 6. 0-0 Nf6 7. a4 Bc5 8. Nb3 Ba7 9. Na3 d6 10. Qe2 Bd7 11. Nc4 Nc6 12. Bf4 Ne5 13. Nxe5 dxe5 14. Bg5 Bc6 15. Nd2 0-0 16. b4 Bd4 17. Ra3 Qe7 18. c3 Bb6 19. Nc4 Qc7 20. Bxf6 gxf6 21. Qg4+ Kh8 22. Qh4 Kg7 23. Bc2 Ba7 24. Ne3 h5 25. c4 Bd4 26. Nf5+ 1-0

[Event "Sautron op 13th"]
[Site "Sautron"]
[Date "2013.10.??"]
[Round "6"]
[White "Peric, Slavisa"]
[Black "Sarrazin, Christian"]
[Result "1/2-1/2"]
[WhiteElo "2199"]
[BlackElo "1983"]
[PlyCount "52"]
[EventDate "2013.10.26"]
[EventType "swiss"]
[EventRounds "9"]
[EventCountry "FRA"]
[SourceTitle "EXT 2016"]
[Source "ChessBase"]
[SourceDate "2015.10.08"]
[SourceVersion "1"]
[SourceVersionDate "2015.10.08"]
[SourceQuality "1"]

1. d4 d5 2. Nf3 Nf6 3. c4 e6 4. Nc3 c6 5. Qb3 Bd6 6. g3 Nbd7 7. Bg2 0-0 8. Nd2 Re8 9. 0-0 Bf8 10. e4 dxc4 11. Nxc4 Nb6 12. Rd1 Nxc4 13. Qxc4 Qb6 14. a3 e5 15. Bg5 exd4 16. Bxf6 dxc3 17. Bxc3 Be6 18. Qe2 Rad8 19. h3 Bb3 20. Rxd8 Rxd8 21. Kh2 Bc5 22. f4 Bd4 23. Qe1 Bxc3 24. Qxc3 Qb5 25. Bf1 Qb6 26. Bg2 Qb5 1/2-1/2

[Event "Sautron op 13th"]
[Site "Sautron"]
[Date "2013.10.??"]
[Round "8"]
[White "Wendling, Robin"]
[Black "Sarrazin, Christian"]
[Result "0-1"]
[WhiteElo "1414"]
[BlackElo "1983"]
[PlyCount "46"]
[EventDate "2013.10.26"]
[EventType "swiss"]
[EventRounds "9"]
[EventCountry "FRA"]
[SourceTitle "EXT 2016"]
[Source "ChessBase"]
[SourceDate "2015.10.08"]
[SourceVersion "1"]
[SourceVersionDate "2015.10.08"]
[SourceQuality "1"]

1. d4 d5 2. Nf3 Nf6 3. e3 Nbd7 4. b3 g6 5. Bb2 Bg7 6. Bd3 0-0 7. Nbd2 Re8 8. c4 c6 9. h3 b6 10. 0-0 Bb7 11. Re1 c5 12. cxd5 Nxd5 13. Nc4 Nb4 14. Bb1 b5 15. Ncd2 Nc6 16. Be4 cxd4 17. Nxd4 Qb6 18. N2f3 Nde5 19. Qc2 Nb4 20. Qb1 Bxe4 21. Qxe4 Nxf3+ 22. Qxf3 Nd3 23. Ba3 b4 0-1

[Event "Rohde op 12th"]
[Site "Sautron"]
[Date "2012.11.??"]
[Round "9"]
[White "Piasetski, Leon David"]
[Black "Sarrazin, Christian"]
[Result "1-0"]
[WhiteElo "2298"]
[BlackElo "1993"]
[PlyCount "73"]
[EventDate "2012.10.27"]
[EventType "swiss"]
[EventRounds "9"]
[EventCountry "FRA"]
[SourceTitle "EXT 2014"]
[Source "ChessBase"]
[SourceDate "2013.11.20"]
[SourceVersion "1"]
[SourceVersionDate "2013.11.20"]
[SourceQuality "1"]

1. c4 c5 2. Nf3 Nf6 3. Nc3 Nc6 4. d4 cxd4 5. Nxd4 g6 6. e4 d6 7. Be2 Bg7 8. Be3 Bd7 9. Nb3 Na5 10. Nd2 Nc6 11. 0-0 0-0 12. Rc1 Ne8 13. Nb3 f5 14. exf5 Bxf5 15. Qd2 Rc8 16. Rfd1 b6 17. c5 bxc5 18. Ba6 Ne5 19. Bxc8 Qxc8 20. Nd5 Qb7 21. Bh6 Nd3 22. Bxg7 Nxg7 23. Ne3 Nxc1 24. Rxc1 Be6 25. Na5 Qe4 26. a3 Nf5 27. Nxf5 Qxf5 28. Nc6 Qf6 29. Nxa7 Bd7 30. b4 cxb4 31. axb4 Rb8 32. h3 Kg7 33. Rc7 Bf5 34. Nc6 Re8 35. Qe3 Kf8 36. b5 Qb2 37. b6 1-0

[Event "Rohde op 12th"]
[Site "Sautron"]
[Date "2012.11.??"]
[Round "6"]
[White "Sarrazin, Christian"]
[Black "Rouillon, Robin"]
[Result "1-0"]
[WhiteElo "1993"]
[BlackElo "1796"]
[PlyCount "81"]
[EventDate "2012.10.27"]
[EventType "swiss"]
[EventRounds "9"]
[EventCountry "FRA"]
[SourceTitle "EXT 2014"]
[Source "ChessBase"]
[SourceDate "2013.11.20"]
[SourceVersion "1"]
[SourceVersionDate "2013.11.20"]
[SourceQuality "1"]

1. e4 c6 2. d4 d5 3. Bd3 dxe4 4. Bxe4 Nf6 5. Bf3 Bf5 6. Ne2 e6 7. c3 Bg6 8. 0-0 Be7 9. a4 a5 10. Nd2 0-0 11. Nc4 Nbd7 12. Re1 Nd5 13. Nf4 Bg5 14. Nxg6 hxg6 15. Ne5 Bxc1 16. Qxc1 Nxe5 17. Rxe5 Rc8 18. g3 Qb6 19. h4 Rfd8 20. h5 gxh5 21. Bxh5 c5 22. dxc5 Rxc5 23. Bf3 Qc7 24. Rh5 b6 25. Kg2 Nf6 26. Rxc5 Qxc5 27. Qf4 Kf8 28. Re1 Ke7 29. Re5 Qd6 30. Qe3 Ne8 31. Rb5 Rb8 32. b4 Nc7 33. Rh5 axb4 34. cxb4 Ne8 35. Rh4 Rd8 36. a5 bxa5 37. bxa5 Qa6 38. Ra4 Rd6 39. Qc5 Kd7 40. Rb4 Qc8 41. Rb7+ 1-0

[Event "Sautron op 11th"]
[Site "Sautron"]
[Date "2011.10.22"]
[Round "1"]
[White "Sarrazin, Christian"]
[Black "Delorme, Alban"]
[Result "0-1"]
[WhiteElo "2019"]
[BlackElo "2306"]
[PlyCount "70"]
[EventDate "2011.10.22"]
[EventType "swiss"]
[EventRounds "9"]
[EventCountry "FRA"]
[SourceTitle "EXT 2016"]
[Source "ChessBase"]
[SourceDate "2015.10.08"]
[SourceVersion "1"]
[SourceVersionDate "2015.10.08"]
[SourceQuality "1"]

1. e4 c5 2. c3 Nf6 3. d3 Nc6 4. Nf3 g6 5. Be2 Bg7 6. 0-0 0-0 7. Be3 b6 8. h3 Qc7 9. Qc1 Ba6 10. c4 e6 11. Nc3 d5 12. exd5 exd5 13. Bf4 Qd7 14. Ne5 Nxe5 15. Bxe5 dxc4 16. dxc4 Qe6 17. Bxf6 Qxf6 18. Nd5 Qxb2 19. Qxb2 Bxb2 20. Rab1 Be5 21. Rfc1 Rad8 22. Bf3 Kg7 23. Rb3 Rfe8 24. g3 Rd7 25. Kg2 f6 26. Rc2 Bb7 27. a4 Bc6 28. Ra2 Bd4 29. Kh2 Re1 30. Bg2 Bxd5 31. Bxd5 Rde7 32. Rd3 Rf1 33. Rdd2 Kf8 34. a5 bxa5 35. Rxa5 Bc3 0-1

[Event "Rohde op 10th"]
[Site "Sautron"]
[Date "2010.10.25"]
[Round "3"]
[White "Colas, Bruno"]
[Black "Sarrazin, Christian"]
[Result "0-1"]
[WhiteElo "1601"]
[BlackElo "2043"]
[PlyCount "44"]
[EventDate "2010.10.23"]
[EventType "swiss"]
[EventRounds "9"]
[EventCountry "FRA"]
[SourceTitle "EXT 2012"]
[Source "ChessBase"]
[SourceDate "2011.11.24"]
[SourceVersion "1"]
[SourceVersionDate "2011.11.24"]
[SourceQuality "1"]

1. d4 d5 2. c4 c6 3. Nf3 Nf6 4. Nc3 e6 5. Bg5 h6 6. Bh4 Nbd7 7. e3 Bd6 8. c5 Be7 9. Bd3 0-0 10. 0-0 Re8 11. Rc1 e5 12. Nxe5 Nxe5 13. dxe5 Ng4 14. Bxe7 Qxe7 15. Ne2 Qxe5 16. Ng3 Qxb2 17. h3 Nf6 18. a4 Qe5 19. Re1 Ne4 20. Bxe4 dxe4 21. Re2 Be6 22. Rd2 Bd5 0-1

[Event "Rohde op 10th"]
[Site "Sautron"]
[Date "2010.10.23"]
[Round "1"]
[White "Spassov, Liuben"]
[Black "Sarrazin, Christian"]
[Result "1-0"]
[WhiteElo "2383"]
[BlackElo "2043"]
[PlyCount "47"]
[EventDate "2010.10.23"]
[EventType "swiss"]
[EventRounds "9"]
[EventCountry "FRA"]
[SourceTitle "EXT 2012"]
[Source "ChessBase"]
[SourceDate "2011.11.24"]
[SourceVersion "1"]
[SourceVersionDate "2011.11.24"]
[SourceQuality "1"]

1. d4 d5 2. c4 c6 3. Nf3 Nf6 4. Qc2 e6 5. Bg5 h6 6. Bxf6 Qxf6 7. Nbd2 Bb4 8. e3 Nd7 9. Bd3 0-0 10. 0-0 Bxd2 11. Qxd2 dxc4 12. Bxc4 e5 13. e4 exd4 14. Qxd4 Qxd4 15. Nxd4 Nb6 16. Bb3 Bd7 17. Rac1 Rad8 18. Rfd1 Rfe8 19. f3 Be6 20. Nxe6 Rxd1+ 21. Rxd1 fxe6 22. f4 c5 23. a4 a5 24. Rd6 1-0

[Event "Rohde op 08th"]
[Site "Sautron"]
[Date "2008.11.01"]
[Round "9"]
[White "Sarrazin, Christian"]
[Black "Gallant, Jeremy"]
[Result "0-1"]
[WhiteElo "2097"]
[BlackElo "1726"]
[PlyCount "72"]
[EventDate "2008.10.25"]
[EventType "swiss"]
[EventRounds "9"]
[EventCountry "FRA"]
[SourceTitle "EXT 2009"]
[Source "ChessBase"]
[SourceDate "2008.11.26"]
[SourceVersion "1"]
[SourceVersionDate "2008.11.26"]
[SourceQuality "1"]

1. e4 c5 2. c3 Nf6 3. d3 Nc6 4. Nf3 d6 5. Be2 e6 6. a4 Qc7 7. Na3 a6 8. Bg5 Be7 9. h3 d5 10. Qc2 0-0 11. 0-0 b6 12. Bh4 Bb7 13. Rae1 Rad8 14. Bd1 dxe4 15. dxe4 Rd7 16. Nc4 b5 17. axb5 axb5 18. Bg3 Qd8 19. Nce5 Nxe5 20. Nxe5 Rd2 21. Qb1 Nxe4 22. Bf4 Bf6 23. Bc2 Bxe5 24. Bxe5 Rxc2 25. Qxc2 Nd2 26. Rd1 Qg5 27. Bg3 Nxf1 28. Kxf1 Rd8 29. Rxd8+ Qxd8 30. f3 Bd5 31. b4 cxb4 32. cxb4 Bc4+ 33. Ke1 Qd4 34. Bf2 Qa1+ 35. Qd1 Qxd1+ 36. Kxd1 Bf1 0-1

[Event "Rohde op 06th"]
[Site "Sautron"]
[Date "2006.10.29"]
[Round "2"]
[White "Sarrazin, Christian"]
[Black "Mercier, Jean Loup"]
[Result "1/2-1/2"]
[WhiteElo "2010"]
[BlackElo "2002"]
[PlyCount "62"]
[EventDate "2006.10.28"]
[EventType "swiss"]
[EventRounds "9"]
[EventCountry "FRA"]
[SourceTitle "EXT 2007"]
[Source "ChessBase"]
[SourceDate "2006.11.23"]
[SourceVersion "1"]
[SourceVersionDate "2006.11.23"]
[SourceQuality "1"]

1. c3 d5 2. d4 Nf6 3. Bf4 Nc6 4. h3 e6 5. e3 Bd6 6. Bxd6 Qxd6 7. Nf3 0-0 8. Bd3 e5 9. dxe5 Nxe5 10. Nxe5 Qxe5 11. Nd2 Ne4 12. Qc2 Bf5 13. Bxe4 dxe4 14. Nf1 Bg6 15. Ng3 Kh8 16. 0-0 f5 17. Ne2 Bf7 18. Qa4 c5 19. Rad1 Bd5 20. Rd2 Bc6 21. Qc2 g5 22. c4 Rad8 23. Rfd1 Rxd2 24. Rxd2 Kg8 25. Qd1 Kg7 26. Rd8 Rf6 27. Ng3 Rh6 28. Ra8 Re6 29. Qd8 f4 30. Qh8+ Kg6 31. Rg8+ Kh6 1/2-1/2

[Event "FRA-chT3 0405"]
[Site "France"]
[Date "2005.03.13"]
[Round "7"]
[White "Meysson, Jean Marc"]
[Black "Sarrazin, Christian"]
[Result "1/2-1/2"]
[WhiteElo "1920"]
[BlackElo "1920"]
[PlyCount "87"]
[EventDate "2004.10.10"]
[EventType "team"]
[EventRounds "9"]
[EventCountry "FRA"]
[SourceTitle "EXT 2007"]
[Source "ChessBase"]
[SourceDate "2006.11.23"]
[SourceVersion "1"]
[SourceVersionDate "2006.11.23"]
[SourceQuality "1"]

1. d4 Nf6 2. c4 e6 3. Nc3 d5 4. cxd5 exd5 5. Bg5 Be7 6. Qc2 c6 7. e3 Be6 8. Bd3 Nbd7 9. Nge2 h6 10. Bh4 0-0 11. Bxf6 Nxf6 12. Ng3 Qd7 13. 0-0 Bd6 14. Rfc1 Rad8 15. Rab1 Bb8 16. b4 a6 17. a4 Qd6 18. Nce2 Bd7 19. Qc5 Rfe8 20. Qxd6 Bxd6 21. b5 axb5 22. axb5 g6 23. Nf1 Rc8 24. Nd2 c5 25. dxc5 Bxc5 26. Nb3 Bb6 27. Nbd4 Kg7 28. Nc3 Be6 29. Na4 Nd7 30. Nxb6 Nxb6 31. Kf1 Kf6 32. Ke1 Rxc1+ 33. Rxc1 Rc8 34. Rxc8 Nxc8 35. Kd2 Ke7 36. Kc3 Bd7 37. Kb4 b6 38. Be2 Kd6 39. f4 Ne7 40. Bd3 Ng8 41. Nf3 Nf6 42. h3 h5 43. Ne5 Be6 44. Nc6 1/2-1/2